The analysis and design of linear circuits / (Record no. 217189)

000 -LEADER
fixed length control field 00823 a2200265 4500
003 - CONTROL NUMBER IDENTIFIER
control field Nust
005 - DATE AND TIME OF LATEST TRANSACTION
control field 20170207171535.0
010 ## - LIBRARY OF CONGRESS CONTROL NUMBER
LC control number 2011042676
020 ## - INTERNATIONAL STANDARD BOOK NUMBER
International Standard Book Number 1118065581 (alk. paper)
020 ## - INTERNATIONAL STANDARD BOOK NUMBER
International Standard Book Number 9781118065587 (alk. paper)
035 ## - SYSTEM CONTROL NUMBER
System control number (OCoLC)ocn757134328
040 ## - CATALOGING SOURCE
Transcribing agency Nust
082 00 - DEWEY DECIMAL CLASSIFICATION NUMBER
Classification number 621.395
100 1# - MAIN ENTRY--PERSONAL NAME
Personal name Thomas, Roland E.,
245 14 - TITLE STATEMENT
Title The analysis and design of linear circuits /
Statement of responsibility, etc. Roland E. Thomas, Albert J. Rosa, Gregory J. Toussaint.
250 ## - EDITION STATEMENT
Edition statement 7th ed.
260 ## - PUBLICATION, DISTRIBUTION, ETC.
Place of publication, distribution, etc. Hoboken, N.J. :
Name of publisher, distributor, etc. Wiley,
Date of publication, distribution, etc. c2012.
300 ## - PHYSICAL DESCRIPTION
Extent xvi, 928 p. :
Other physical details ill. ;
Dimensions 26 cm.
500 ## - GENERAL NOTE
General note Includes index.
538 ## - SYSTEM DETAILS NOTE
System details note Almirah No.46 Shelf No.2
650 #0 - SUBJECT ADDED ENTRY--TOPICAL TERM
Topical term or geographic name entry element Electric circuit analysis.
650 #0 - SUBJECT ADDED ENTRY--TOPICAL TERM
Topical term or geographic name entry element Electric circuits, Linear
General subdivision Design and construction.
700 1# - ADDED ENTRY--PERSONAL NAME
Personal name Rosa, Albert J.,
Dates associated with a name 1942-
700 1# - ADDED ENTRY--PERSONAL NAME
Personal name Toussaint, Gregory J.
942 ## - ADDED ENTRY ELEMENTS (KOHA)
Source of classification or shelving scheme
Koha item type Book
Holdings
Withdrawn status Lost status Source of classification or shelving scheme Damaged status Not for loan Collection code Permanent Location Current Location Date acquired Total Checkouts Full call number Barcode Date last seen Date last checked out Price effective from Koha item type
            Military College of Signals (MCS) Military College of Signals (MCS) 12/12/2016 1 621.395 ROL MCS37349 01/05/2023 12/15/2022 12/12/2016 Book
            Military College of Signals (MCS) Military College of Signals (MCS) 12/12/2016   621.395 ROL MCS37350 12/08/2016   12/12/2016 Book
© 2023 Central Library, National University of Sciences and Technology. All Rights Reserved.